Educación como misión de la iglesia (Registro nro. 51279)
[ vista simple ]
| 000 -LÍDER | |
|---|---|
| Campo fijo de descripción fija | 01172aab a2200193 i 4500 |
| 001 - NÚMERO DE CONTROL | |
| Campo de control | 768714001 |
| 003 - IDENTIFICADOR DEL NÚMERO DE CONTROL | |
| Campo de control | CO-MdFUSB |
| 005 - FECHA Y HORA DE LA ULTIMA TRANSACCIÓN | |
| control field | 20240422095547.0 |
| 008 - ELEMENTOS DE LONGITUD FIJA -- INFORMACIÓN GENERAL | |
| Campo fijo de descripción fija -- Información general | 240415t1982 ag ||||| |||| 00| 0 spa d |
| 040 ## - FUENTE DE CATALOGACIÓN | |
| Idioma de catalogación | spa |
| Agencia que realiza la transcripción | CO-MdFUSB |
| 041 ## - CÓDIGO DE IDIOMA | |
| Código de idioma para texto/pista de sonido o título separado | spa |
| 100 1# - ASIENTO PRINCIPAL--NOMBRE PERSONAL | |
| Nombre personal | Zukowski de Ramírez, Elvira Ester |
| Término relacionador | autor |
| 245 ## - TÍTULO | |
| Título | Educación como misión de la iglesia |
| Mención de responsabilidad | / Elvira Ester Zukowski de Ramírez, |
| 300 ## - DESCRIPCIÓN FÍSICA | |
| Extensión | Volumen 1, número 1 (marzo - junio, 1982), páginas: 30 - 31 |
| Dimensiones | ; 27 cm |
| 520 ## - NOTA DE RESUMEN, ETC. | |
| Nota de sumario, etc. | La misión docente de la iglesia se puede confundir con el movimiento del mismo nombre, que ha estado en la historia de la iglesia durante dos siglos.<br/>Este es un breve bosquejo histórico sobre el origen de este movimiento y cómo lo entendemos debido a algunas de sus propiedades. A continuación se presentan algunas de las limitaciones que se enfrentan cuando limita la misión educativa de la iglesia a la metodología de la educación cristiana, también conocida como "educación cristiana". |
| 650 #7 - ASIENTO SECUNDARIO DE MATERIA - TERMINO TEMÁTICO | |
| Término temático o nombre geográfico como elemento de entrada | Educación cristiana |
| 9 (RLIN) | 349 |
| 773 0# - ASIENTO DE ITEM FUENTE | |
| Título | Iglesia y Misión |
| Biblionumber | 49402 |
| Itemnumber | 59626 |
| Parte(s) relacionada(s) / Volumen., número. (mes año), páginas | Volumen 1, número 1 (marzo - junio, 1982), páginas: 30 - 31 |
| Enumeración y primera página | página: 30 |
| 942 ## - TIPO DE MATERIAL (KOHA) | |
| Tipo de Item KOHA | Artículos de Revista |
No hay ítems disponibles.
